Matemáticas y su enseñanza I: programa y materiales de apoyo para el estudio

Guardat en:
Dades bibliogràfiques
Autor corporatiu: Secretaría de Educación Pública (Autor)
Format: Llibre
Idioma:espanyol
Publicat: Ciudad de México SEP 1998
Matèries:
Etiquetes: Afegir etiqueta
Sense etiquetes, Sigues el primer a etiquetar aquest registre!

MARC

LEADER 00000nam a2200000 a 4500
001 UCO8921
003 CL-VaPUC
008 010112e19980000MX |||||||||||||||||spa|d
082 0 4 |a 372.7  |b SEC  |2 21 
110 2 |a Secretaría de Educación Pública  |e author  |9 453845 
245 1 0 |a Matemáticas y su enseñanza I: programa y materiales de apoyo para el estudio 
300 |a 62 p 
942 |c BK 
945 |d 20010112 00:00:00  |a cmena 
260 |a Ciudad de México  |b SEP  |c 1998 
500 |a Programa para la transformación y el fortalecimiento académicos de las escuelas normales 
500 |a Licenciatura en Educación Primaria: segundo semestre 
650 0 |a Matemática  |9 260235 
650 0 |a Educación básica   |9 224933 
650 0 |a Métodos de enseñanza  |9 270413 
650 0 |a Curriculos  |9 343652 
583 |a last modification  |c 20010112 00:00:00  |k Rodrigo Vera 
999 |c 293338  |d 293336 
952 |0 0  |1 0  |4 0  |6 372_700000000000000_SEC_1998  |7 0  |8 P  |9 344810  |a BIBEDU  |b BIBEDU  |c BIBEDU_PB  |d 2019-11-20  |i 3683338  |o 372.7 SEC 1998  |p 3683338  |r 2024-01-25  |w 2019-11-20  |y BK  |k EDU 
952 |0 0  |1 0  |4 0  |6 372_700000000000000_SEC_1998  |7 0  |8 A  |9 344811  |a BIBMAT  |b BIBMAT  |c E_DIDACT  |d 2019-11-20  |i 3499146  |o 372.7 SEC 1998  |p 3499146  |r 2025-01-07  |w 2019-11-20  |y BK  |k MAT 
952 |0 0  |1 0  |4 0  |6 372_700000000000000_SEC_1998  |7 0  |8 A  |9 344812  |a BIBMAT  |b BIBMAT  |c E_DIDACT  |d 2019-11-20  |i 3499154  |o 372.7 SEC 1998  |p 3499154  |r 2025-01-07  |w 2019-11-20  |y BK  |k MAT